| 000 | 00475nam a2200181Ia 4500 | ||
|---|---|---|---|
| 008 | 240925s9999 xx 000 0 und d | ||
| 020 | _a9788120343856 | ||
| 082 | _a515.42 BAS | ||
| 100 | _aBasu, S. K. | ||
| 245 | 0 | _aMeasure Theory and Probability | |
| 250 | _a2nd | ||
| 260 |
_aNew Delhi: _bPHI learning Pvt Ltd _c,2012. |
||
| 300 |
_a298p. _b0 _fOriginal |
||
| 500 | _aIncludes Index | ||
| 600 | _aHumanities & Natural Science | ||
| 650 | _aMathematics | ||
| 942 | _cBK | ||
| 999 |
_c17395 _d17395 |
||